LEADER 01140nam a2200277 i 4500 001 000000181450 003 CaOOAMICUS 005 20090907000000.0 008 090907s2005 it u000 u ita u 013 $a159282 020 $a88-8137-235-5 040 $aSeMil$bita 100 1 $aColombo, Giovanni .$0(OLS)http://semarc/name/9717 245 10$aBaciare il rospo :$bl'impresa possibile di amare Milano /$cGiovanni Colombo. 260 $aTroina :$bCittà aperta,$c2005. 300 $a137 p. ;$c21 cm. 500 $aCon dedica dell'autore al Card. Martini.- Fondo card. C.M. Martini. 650 4$aMilano.$0(OLS)http://semarc/subject/7830 650 4$aMilano - Società.$0(OLS)http://semarc/subject/34404 850 $aSeMil 852 $aSeMil$W1$xVenegono$y1$m3N IV 532$j132191$B132191$CSeMilBibl$Z2$F144163 $81 941 1 $a4 961 $aLascito: Martini Card. Carlo Maria 996 $6020$a88-8137-235-5$9(OLS)http://semarc/number/170932 996 $6245$aBaciare il rospo :$bl'impresa possibile di amare Milano$9(OLS)http://semarc/title/260473 996 $6260$aTroina :$bCittà aperta$9(OLS)http://semarc/publisher/32519 LEADER 01204nam a2200313 i 4500 001 000000074715 003 CaOOAMICUS 005 20151228000000.0 008 151228s2015 it u000 u ita u 013 $a45887 020 $a978-88-15-25872-4 040 $aSeMil$bita 100 1 $aProdi, Paolo,$d<1932-2016>.$0(OLS)http://semarc/name/17549 245 10$aHomo Europaeus /$cPaolo Prodi. 260 $aBologna :$bIl Mulino,$c2015. 300 $a238 p. ;$c22 cm. 490 0 $aPercorsi di ricerca 490 0 $aForum 500 $aScritti già pubblicati. 650 4$aCristianesimo e laicità.$0(OLS)http://semarc/subject/9341 650 4$aCristianesimo e laicismo - Europa.$0(OLS)http://semarc/subject/15262 830 0$aPercorsi di ricerca.$0(OLS)http://semarc/title/9492 830 0$aForum.$0(OLS)http://semarc/title/16627 850 $aSeMil 852 $aSeMil$W1$xVenegono$y1$m3V I 31$j40867$B40867$CSeMilBibl$Z2$F40871 $81 961 $aAcquisto: Città Nuova (Agente) 996 $6020$a978-88-15-25872-4$9(OLS)http://semarc/number/54997 996 $6245$aHomo Europaeus$9(OLS)http://semarc/title/121155 996 $6260$aBologna :$bIl Mulino$9(OLS)http://semarc/publisher/29842